| 000 | 00624cam a2200193 a 4500 | ||
|---|---|---|---|
| 001 | 000006144 | ||
| 005 | 20200929151941.0 | ||
| 008 | 000621s1999 ec 001 p spa | ||
| 020 | _z9978621510 | ||
| 040 |
_aDO-SdBNP _cDLC |
||
| 082 |
_aE861.44 _bC512i |
||
| 100 | 1 |
_aChávez, Alfonso. _917272 |
|
| 245 | 1 | 0 |
_aInstantes : _bpoemas de vida, amor y muerte / _cAlfonso Chávez Jara. |
| 260 |
_aQuito : _bCasa de Cultura Ecuatoriana "Benjamín Carrión", _c1999. |
||
| 300 |
_a87 p. : _bil. ; _c21 cm. |
||
| 650 | 4 |
_aPoesía ecuatoriana _913387 |
|
| 650 | 4 |
_aLiteratura ecuatoriana _93938 |
|
| 910 | _aCatalogación por copia / LC | ||
| 999 |
_c5940 _d5940 |
||